[Event "IECC CL1-2007.07 email"]
[Site "IECC email"]
[Date "2007.10.27"]
[Round "?"]
[White "Teixeira, Ricardo"]
[Black "Djuric, Mirko"]
[Result "1/2-1/2"]
[WhiteElo "2090"]
[BlackElo "2318"]
[PlyCount "100"]
[EventDate "2007.??.??"]
[EventType "tourn (corr)"]
[EventRounds "4"]
[SourceTitle "Corr 2015"]
[Source "ChessBase"]
[SourceDate "2015.07.17"]
[SourceVersion "1"]
[SourceVersionDate "2015.07.17"]
[SourceQuality "1"]
[WhiteTeam "Portugal"]
[BlackTeam "SCG"]
[WhiteTeamCountry "POR"]

1. d4 d5 2. Nf3 Nf6 3. Bf4 c5 4. e3 Nc6 5. c3 e6 6. Bd3 Qb6 7. Qb3 c4 8. Qxb6 axb6 9. Be2 b5 10. 0-0 b4 11. Nfd2 Bd7 12. Rd1 b5 13. a3 b3 14. Nf3 Nh5 15. Be5 b4 16. Nfd2 Nf6 17. e4 Ra5 18. cxb4 Bxb4 19. Bf3 dxe4 20. Bxe4 Nxe4 21. Nxe4 Nxe5 22. dxe5 Ke7 23. f4 f6 24. exf6+ gxf6 25. Nbc3 Bxc3 26. Nxc3 Rc8 27. Rd4 e5 28. Re1 Be6 29. fxe5 fxe5 30. Rde4 Kf6 31. Rf1+ Kg7 32. Re3 Bf7 33. Rd1 Kf6 34. Rh3 Bg6 35. Kf2 Rg8 36. Ke3 Bd3 37. Rh6+ Rg6 38. Rxg6+ Kxg6 39. Rd2 Ra8 40. a4 h5 41. Rf2 h4 42. Rd2 Kf5 43. Rf2+ Ke6 44. Rd2 Rf8 45. Rf2 Rg8 46. Nb5 Rg4 47. Nc3 Bg6 48. a5 Be8 49. Ne4 Bc6 50. Rf6+ Kd7 1/2-1/2